| 000 | 00396nam a2200145Ia 4500 | ||
|---|---|---|---|
| 005 | 20251222144827.0 | ||
| 008 | 251222s9999||||xx |||||||||||||| ||spa|| | ||
| 020 | _a958-701-327-1 | ||
| 082 | _a378.121/P59 | ||
| 100 | _aPinilla Roa, Anélida Elizabeth | ||
| 245 | 0 | _aReflexiones sobre Educación Universitaria | |
| 250 | _a2a. ed. | ||
| 264 | _bUniversidad Nacional de Colombia | ||
| 942 | _cLIB | ||
| 999 |
_c20698 _d20698 |
||